A framework for public environmental reporting (Record no. 102925)

MARC details
000 -LEADER
fixed length control field 01053cam a2200205 4500
008 - FIXED-LENGTH DATA ELEMENTS--GENERAL INFORMATION
fixed length control field 030627n2000 000 0 eng u
020 ## - INTERNATIONAL STANDARD BOOK NUMBER
International Standard Book Number 0642546746
035 ## - SYSTEM CONTROL NUMBER
System control number (Sirsi) u122773
041 ## - LANGUAGE CODE
Language code of text/sound track or separate title eng
050 ## - LIBRARY OF CONGRESS CALL NUMBER
Classification number 333.72
-- 18
110 ## - MAIN ENTRY--CORPORATE NAME
Corporate name or jurisdiction name as entry element Environment Australia
9 (RLIN) 4470
245 #2 - TITLE STATEMENT
Title A framework for public environmental reporting
Remainder of title an Australian approach
260 ## - PUBLICATION, DISTRIBUTION, ETC.
Place of publication, distribution, etc. Canberra
Name of publisher, distributor, etc. Environment Australia
Date of publication, distribution, etc. 2000
520 ## - SUMMARY, ETC.
Summary, etc. This publication was developed following extensive workshop consultation with interested parties in the private and public sectors throughout Australia. It has been developed to further facilitate and encourage voluntary public environmental reporting in Australia, by providing simple and effective guidance at a national level. View at www.ea.gov.au.
650 ## - SUBJECT ADDED ENTRY--TOPICAL TERM
Topical term or geographic name entry element AUSTRALIA
650 ## - SUBJECT ADDED ENTRY--TOPICAL TERM
Topical term or geographic name entry element ENVIRONMENTAL REPORTING
690 ## - LOCAL SUBJECT ADDED ENTRY--TOPICAL TERM (OCLC, RLIN)
Topical term or geographic name as entry element ENVIRONMENTAL AND LAND CONSULTANCY
856 ## - ELECTRONIC LOCATION AND ACCESS
Uniform Resource Identifier <a href="https://www.ea.gov.au/industry/finance/publications/indicators/index.htm">https://www.ea.gov.au/industry/finance/publications/indicators/index.htm</a>
Hours access method available View the guidance on the Environment Australia website...
942 ## - ADDED ENTRY ELEMENTS (KOHA)
Suppress in OPAC 0
Holdings
Withdrawn status Lost status Source of classification or shelving scheme Damaged status Not for loan Home library Current library Shelving location Date acquired Total Checkouts Full call number Barcode Date last seen Copy number Price effective from Koha item type
    Dewey Decimal Classification     Virtual Virtual Online 27/06/2003   ONLINE PUBLICATION 122773-1001 06/08/2019 1 06/08/2019 Book